An introduction to the study of public policy /

Bibliographic Details
Main Author: Jones, Charles O.
Format: Book
Language:English
Published: North Scituate, Mass. : Duxbury Press, [1977]
Edition:2nd ed.
Series:Duxbury Press series on public policy.
Subjects:

MARC

Tag First Indicator Second Indicator Subfields
LEADER 00000pam a2200000 i 4500
001 in00000299821
005 20151010154625.0
008 761013s1977 maua b 00110 eng
010 |a  76048140  
019 |a 3002304 
020 |a 0878721304 
020 |a 9780878721306 
035 |a (OCoLC)03002304 
035 |9 ABJ2767AM 
040 |a DLC  |c DLC  |d TXA  |d UtOrBLW 
043 |a n-us--- 
049 |a TXAM  |c [1495085] 
050 0 0 |a JK271  |b J62 1977 
082 0 |a 353 
100 1 |a Jones, Charles O. 
245 1 3 |a An introduction to the study of public policy /  |c Charles O. Jones. 
250 |a 2nd ed. 
264 1 |a North Scituate, Mass. :  |b Duxbury Press,  |c [1977] 
264 4 |c ©1977 
300 |a xiii, 258 pages :  |b illustrations ;  |c 23 cm. 
336 |a text  |b txt  |2 rdacontent 
337 |a unmediated  |b n  |2 rdamedia 
338 |a volume  |b nc  |2 rdacarrier 
490 1 |a The Duxbury Press series on public policy 
504 |a Includes bibliographical references (pages 235-252) and index. 
530 |a Also issued online. 
536 |a Dr. Paul P. Van Riper collection, Department of Political Science. 
650 0 |a Public administration  |x Decision making. 
650 0 |a Policy sciences. 
651 0 |a United States  |x Politics and government. 
830 0 |a Duxbury Press series on public policy. 
999 |a MARS 
999 f f |s 0785669e-fae0-37d9-9e11-c0c286140e46  |i bb29c881-bafd-3781-8ed9-d74136778513  |t 0 
952 f f |p ric  |a Texas A&M University  |b Rellis Campus  |c Joint Library Facility  |s JLF  |d Remote Storage  |t 0  |e JK271 .J62 1977  |h Library of Congress classification  |i unmediated -- volume  |m A14803089377 
998 f f |a JK271 .J62 1977  |t 0  |l Remote Storage